| 000 | 00650nam a2200193 4500 | ||
|---|---|---|---|
| 001 | 136472 | ||
| 003 | ES-MaACL | ||
| 005 | 20250628040754.0 | ||
| 007 | t| | ||
| 008 | 070214s1950 sp r ||||1| spa d | ||
| 100 | 1 |
_aRussell, Bertrand, _d1872-1970 _9101033 |
|
| 245 | 1 | 3 |
_aEl conocimiento humano : _bsu alcance y sus limitaciones / _cBertrand Russell ; traducción directa del inglés por Antonio Tovar. |
| 260 |
_aMadrid : _bRevista de Occidente, _c1950. |
||
| 300 |
_a602 p. ; _c22 cm. |
||
| 650 | 4 |
_aConocimiento. _911281 |
|
| 700 | 1 |
_aTovar, Antonio, _d1911-1985 _9111167 |
|
| 852 |
_aES-MaACL _jB-2206 |
||
| 999 |
_c136472 _d136472 |
||